| 000 | 00505nam a2200157Ia 4500 | ||
|---|---|---|---|
| 008 | 210716s2008 xx 000 0 und d | ||
| 020 | _a9780761935278 | ||
| 041 | _aeng | ||
| 082 | _a658.4063 MAIS | ||
| 100 | _aMaital, Shlomo;Seshadri, D V R. | ||
| 245 |
_aInnovation mangement: strategies concepts and tools for growth and profit. _bStrategies concepts and tools for growth and profit. |
||
| 250 | _a1 | ||
| 260 |
_aNew Delhi _bResponse Books _c2008 |
||
| 300 | _a491 | ||
| 650 | _aInnovation & Change | ||
| 999 |
_c205928 _d205928 |
||